000 00500nam a2200145 4500
999 _c10357
_d10357
008 180823b ||||| |||| 00| 0 eng d
022 _a2094-8042
082 _aDPer 370.105 M72 Jan-Dec 2011 v59-60
100 _930476
_aDuremdez, Lorda Dacoco
245 _aProper nutrition makes a difference to a child/
_cLorda Dacoco Duremdez.
260 _aPhilippines:
_bIn the Grade School, Inc.,
_cc2011.
300 _av60 n2, page 61;
_c27cm.
650 0 _930477
_aPoetry
_xNutrition.
942 _2ddc
_cPER